NBA Champions Since 2000 - Statistics

General Stats
  • This quiz has been taken 33 times
  • The average score is 25 of 26
Answer Stats
Year Answer Result Loser % Correct
2024 Celtics 4–1 Mavericks
100%
2008 Celtics 4–2 Lakers
100%
2013 Heat 4–3 Spurs
100%
2012 Heat 4–1 Thunder
100%
2006 Heat 4–2 Mavericks
100%
2020 Lakers 4–2 Heat
100%
2010 Lakers 4–3 Celtics
100%
2009 Lakers 4–1 Magic
100%
2002 Lakers 4–0 Nets
100%
2001 Lakers 4–1 76ers
100%
2000 Lakers 4–2 Pacers
100%
2022 Warriors 4–2 Celtics
100%
2018 Warriors 4–0 Cavaliers
100%
2017 Warriors 4–1 Cavaliers
100%
2015 Warriors 4–2 Cavaliers
100%
2023 Nuggets 4–1 Heat
97%
2014 Spurs 4–1 Heat
97%
2007 Spurs 4–0 Cavaliers
97%
2005 Spurs 4–3 Pistons
97%
2003 Spurs 4–2 Nets
97%
2025 Thunder 4–3 Pacers
97%
2016 Cavaliers 4–3 Warriors
94%
2011 Mavericks 4–2 Heat
94%
2004 Pistons 4–1 Lakers
94%
2021 Bucks 4–2 Suns
91%
2019 Raptors 4–2 Warriors
85%
No matching quizzes found
Score Distribution
Percent of People with Each Score
Percentile by Number Answered
Your Score History
You have not taken this quiz